Speeches of Sir William Marris (Record no. 373080)

000 -LEADER
fixed length control field 00377cam a22001217a 4500
008 - FIXED-LENGTH DATA ELEMENTS--GENERAL INFORMATION
fixed length control field 180718b1928 xxu||||| |||| 00| 0 eng d
082 ## - DEWEY DECIMAL CLASSIFICATION NUMBER
Classification number A99 M349
100 ## - MAIN ENTRY--PERSONAL NAME
Personal name Marris, William Sinclair
245 ## - TITLE STATEMENT
Title Speeches of Sir William Marris
Statement of responsibility, etc. by William Sinclair Marris
260 ## - PUBLICATION, DISTRIBUTION, ETC.
Place of publication, distribution, etc. Mysore
Name of publisher, distributor, etc. Wesleyan Mission Press
Date of publication, distribution, etc. 1928
300 ## - PHYSICAL DESCRIPTION
Extent 292p.
650 ## - SUBJECT ADDED ENTRY--TOPICAL TERM
Topical term or geographic name entry element Marris, William Sinclair, 1875-1945
Holdings
Withdrawn status Lost status Damaged status Not for loan Permanent Location Current Location Date acquired Full call number Barcode Date last seen Price effective from Koha item type
        Indian Institute of Public Administration Indian Institute of Public Administration 1994-06-18 A99 M349 26951 2018-07-21 2018-07-21 Book

Powered by Koha